000 01366nam a2200301 i 4500
001 000027697
003 DO-SdBNP
005 20250724140831.0
007 ta
008 110404s1946 ag 000 | spa d
040 _aDO-SdBNP
_bspa
_cBNPHU
_erda
041 _aspa
082 4 _a940.3
_bH519ó
_222
100 1 _aHenríquez Ureña, Max,
_d1885-1968
_eautor
_92621
245 1 0 _aOratoria de dos guerras /
_cMax Henríquez Ureña.
264 4 _aBuenos Aires, Argentina :
_bTalleres Gráficos Americalee
_c1946.
300 _a59 páginas ;
_c20 cm.
336 _atexto
_btxt
_2rdacontent
337 _asin mediación
_bn
_2rdamedia
338 _avolumen
_bnc
_2rdacarrier
505 _a1914-1918: Francia y el genio latino, 9 -- Bélgica y las pequeñas nacionalidades, 15 -- Bélgica ante América, 19-- Interludio: El continente de la esperanza, 25 -- 1939-1945: América ante la crisis mundial, 31 -- Presencia y síntesis de las guerra , 37 -- El legado de la cultura, 48 -- La tradición democrática del municipio, 51 -- La democracia, hija del libro, 55 Toque de Diana, 58, --
590 _aInventariado, 2024/DG
600 1 0 _aHenríquez Ureña, Max,
_d1885-1968
_92621
_xDiscursos
650 4 _aDiscursos políticos
_910037
650 4 _aGuerra Mundial, 1939-1945
_913822
_xDiscursos
910 _aDG/Validado. Control de Calidad/MAA
942 _2ddc
_cLBS1
999 _c27189
_d27189